Nets Player to Nickname - Statistics

General Stats
  • This quiz has been taken 14 times
  • The average score is 7 of 12
Answer Stats
Hint Answer % Correct
Cameron Johnson Cam
100%
D'Angelo Russell DLo
100%
Jalen Wilson J-Wil
90%
Trendon Watford Pocket Wat
80%
Keon Johnson Freon
70%
Ziaire Williams Z
70%
Drew Timme The Union Rep
50%
Cam Thomas The Singularity
40%
Nic Claxton The Slim Reaper
40%
Killian Hayes Purple
30%
Noah Clowney Stretch
20%
Tyrese Martin Walking Bucket
10%
No matching quizzes found
Score Distribution
Percent of People with Each Score
Percentile by Number Answered
Your Score History
You have not taken this quiz